<?xml version="1.0" encoding="UTF-8"?>
<collection xmlns="http://www.loc.gov/MARC21/slim">
 <record>
  <leader>01433nam a2200169Ia 4500</leader>
  <controlfield tag="001">CTU_21905</controlfield>
  <controlfield tag="008">210402s9999    xx            000 0 und d</controlfield>
  <datafield tag="082" ind1=" " ind2=" ">
   <subfield code="a">190</subfield>
  </datafield>
  <datafield tag="082" ind1=" " ind2=" ">
   <subfield code="b">M531</subfield>
  </datafield>
  <datafield tag="100" ind1=" " ind2=" ">
   <subfield code="a">J K Melvil</subfield>
  </datafield>
  <datafield tag="245" ind1=" " ind2="0">
   <subfield code="a">Các con đường của triết học phương tây hiện đại</subfield>
  </datafield>
  <datafield tag="245" ind1=" " ind2="0">
   <subfield code="c">J K Melvil; Dịch giả: Đinh Ngọc Thạch, Phạm Đình Nghiệm</subfield>
  </datafield>
  <datafield tag="260" ind1=" " ind2=" ">
   <subfield code="a">Hà Nội</subfield>
  </datafield>
  <datafield tag="260" ind1=" " ind2=" ">
   <subfield code="b">Giáo dục</subfield>
  </datafield>
  <datafield tag="260" ind1=" " ind2=" ">
   <subfield code="c">1997</subfield>
  </datafield>
  <datafield tag="520" ind1=" " ind2=" ">
   <subfield code="a">Sách trình bày hàm súc, cô đọng, độc đáo, vượt qua lối mòn truyền thống; sách đưa ra những nhận định sắc sảo, táo bạo, nhưng khách quan và đúng mực, về các trường phái triết học khác nhau; và cuối cùng, ở tính khái quát cao. Sách giúp người đọc hình dung được bức tranh tổng thể về triết học phương Tây thế kỉ XX, cảm nhận thực trạng và triển vọng của nó, xem xét nó như thành quả không tách rời của văn hóa nhân loại, mặc dầu còn chứa đựng những khiếm khuyết và những hạn chế khó tránh khỏi do tính chế định của lịch sử - xã hội và ý thức hệ của những người đại diện.</subfield>
  </datafield>
  <datafield tag="980" ind1=" " ind2=" ">
   <subfield code="a">Trung tâm Học liệu Trường Đại học Cần Thơ</subfield>
  </datafield>
 </record>
</collection>
